|
|
|
|
| LEADER |
00000nam a22000007a 4500 |
| 005 |
2017090702562.0 |
| 007 |
cr|||| |||| |
| 008 |
170907s2012 mx |||||s||||f00||0 spa d |
| 035 |
|
|
|a 20530
|
| 040 |
|
|
|a vLex
|
| 090 |
|
|
|c 6929
|d 6929
|
| 100 |
1 |
|
|a Ruz̕ Munilla, Jess︢
|
| 245 |
1 |
0 |
|a Aproximacin̤ jurd̕ica a los planteamientos de los indignados
|h [Recurso electrn̤ico] :
|b Las Naciones Unidas y el combate a la pobreza extrema /
|c Jess︢ Ruz̕ Munilla, Gonzalo Santiago Campos
|
| 256 |
|
|
|a Servicio en ln̕ea
|
| 260 |
|
|
|a Ciudad de Mx̌ico:
|b Cm̀ara de Diputados,
|c 2012
|
| 300 |
|
|
|a 1 recurso electrn̤ico (94 p.)
|
| 506 |
1 |
|
|a Disponible solo en los productos indicados
|d vLex Global
|d vLex Global (Academic Edition, excluding Law Schools)
|d vLex Global (U.S. Academic Edition, Law Schools)
|d vLex Global (U.S. Academic Edition, excluding Law Schools)
|d vLex Global (Academic Edition, Law Schools)
|
| 650 |
0 |
4 |
|a Derecho Internacional
|z Mx̌ico
|
| 650 |
0 |
4 |
|a Ciencias sociales
|z Mx̌ico
|
| 700 |
1 |
|
|a Campos, Gonzalo Santiago
|
| 740 |
0 |
|
|a vLex Libros (Servicio en ln̕ea)
|
| 856 |
4 |
0 |
|u http://vlex.com/source/aproximacion-juridica-planteamientos-indignados-naciones-unidas-combate-pobreza-extrema-20530
|z Acceso restringido
|
| 942 |
|
|
|c BOOK
|
| 999 |
0 |
|
|a International Law
|
| 999 |
0 |
|
|a Social sciences
|